Fr. Conceicao Rodrigues College of Engineering

Arduino cook book (Record no. 26297)

MARC details
000 -LEADER
fixed length control field 00328nam a2200169Ia 4500
082 ## - DEWEY DECIMAL CLASSIFICATION NUMBER
Classification number 5.133
Item number MAR
100 ## - MAIN ENTRY--PERSONAL NAME
Personal name Margolis/Michael
245 ## - TITLE STATEMENT
Title Arduino cook book
260 ## - PUBLICATION, DISTRIBUTION, ETC.
Name of publisher, distributor, etc. Oreilly
Date of publication, distribution, etc. 2012
366 ## - TRADE AVAILABILITY INFORMATION
Publishers's discount category 20
300 ## - PHYSICAL DESCRIPTION
Extent 699
546 ## - LANGUAGE NOTE
Language note ENGLISH
650 ## - SUBJECT ADDED ENTRY--TOPICAL TERM
Topical term or geographic name entry element Arduino
654 ## - SUBJECT ADDED ENTRY--FACETED TOPICAL TERMS
Focus term arduino
942 ## - ADDED ENTRY ELEMENTS (KOHA)
Koha item type BOOK
Holdings
Withdrawn status Lost status Damaged status Not for loan Collection Home library Current library Date acquired Source of acquisition Cost, normal purchase price Inventory number Total Checkouts Full call number Barcode Date last seen Date last checked out Cost, replacement price Price effective from Koha item type Total Renewals
        CRC Fr. Agnel's C.Rodrigues College of Engineering AGNEL TECHNICAL COLLEGE LIBRARY 17/03/2023 Shroff Publishers 1060.00 00796 dt 04.07.2018 1 5.133 MAR 25301 29/01/2025 16/01/2025 1325.00   BOOK  
        CRC Fr. Agnel's C.Rodrigues College of Engineering AGNEL TECHNICAL COLLEGE LIBRARY 17/03/2023 Shroff Publishers 1060.00 00796 dt 04.07.2018 1 5.133 MAR 25302 21/02/2025 29/01/2025 1325.00   BOOK 1